000 00476nam a2200169Ia 4500
008 220216s9999 xx 000 0 und d
100 _aVarghese M.
245 0 _aControl of lemon grass (Cymbopogon citratus) in an immature Hevea brasiliensis plantation
260 _bNatural Rubber Research
_c2004
300 _a86-90
650 _aCymbopogon citratus
650 _aHerbicide
650 _aWeed control
700 _aPothen J.
700 _aPunnoose K.I.
942 _cBS
999 _c51664
_d51664